000 00675nam a2200241 a 4500
001 BRCA_4686
005 20190320204751.0
008 140910s1918----fr-a######---#000-0#fre-#
041 _afre
044 _afr
050 4 _aHE6226
_b.C38 2 1918
245 1 0 _aCatalogue Prix-Courant
_bde Timbres-Poste.
250 _a22
260 _aAmiens, Francia
_bYvert & Tellier
_c1918
300 _axxxi, 863 p.
_bil.
_c18 cm.
500 _aIncluye índice alfabético
500 _aEstado físico: últimas hojas deterioradas del borde
500 _aVer también CG1 (1916)
500 _aH15
650 1 4 _aFranqueo
_eSellos
_vCatálogos
_911381
902 _aGFM
942 _2lcc
_cB
999 _c4386
_d4386